[Event "GER-chT U20 Girls"]
[Site "Kiel"]
[Date "2022.07.26"]
[Round "7.4"]
[White "Hashemi, Nasanin Sahra"]
[Black "Rempe, Janne"]
[Result "0-1"]
[WhiteElo "798"]
[BlackElo "1497"]
[PlyCount "92"]
[EventDate "2022.07.22"]
[EventType "team-swiss"]
[EventRounds "7"]
[EventCountry "GER"]
[SourceTitle "CBM 209 Extra"]
[Source "ChessBase"]
[SourceDate "2022.09.30"]
[SourceVersion "1"]
[SourceVersionDate "2022.09.30"]
[SourceQuality "1"]
[WhiteTeam "Bad Oldesloe"]
[BlackTeam "Kiel Doppelbauer"]
[WhiteTeamCountry "GER"]
[BlackTeamCountry "GER"]

1. d4 d6 2. e3 Nf6 3. Nf3 Nbd7 4. Bb5 c6 5. Bc4 Qc7 6. g3 d5 7. Be2 e5 8. Nc3 e4 9. Ng5 h6 10. Nh3 Be7 11. Bd2 g5 12. Ng1 Nf8 13. Bh5 g4 14. Bxf7+ Kxf7 15. h3 Ng6 16. hxg4 Nxg4 17. Qe2 b5 18. 0-0-0 b4 19. Nb1 Ke8 20. Rf1 Qa5 21. a3 Nf6 22. axb4 Bxb4 23. Bxb4 Qxb4 24. Qe1 Qb6 25. f3 Rb8 26. b3 a5 27. Qc3 a4 28. fxe4 Nxe4 29. Qb2 Nxg3 30. Nf3 Nxh1 31. Rxh1 Rf8 32. Nh4 Nxh4 33. Rxh4 Rf1+ 34. Kd2 Qa5+ 35. Nc3 axb3 36. cxb3 Rf2+ 37. Kc1 Rxb2 38. Kxb2 Qb4 39. Kc2 Qxb3+ 40. Kd3 Bf5+ 41. Kd2 Qc2+ 42. Ke1 Qxc3+ 43. Kf2 Rb3 44. Kg2 Qxe3 45. Rh1 Rb2+ 46. Kf1 Qf2# 0-1

[Event "GER-chT U20 Girls"]
[Site "Kiel"]
[Date "2022.07.25"]
[Round "6.4"]
[White "Rempe, Janne"]
[Black "Weiss, Sara"]
[Result "1-0"]
[WhiteElo "1497"]
[BlackElo "714"]
[PlyCount "51"]
[EventDate "2022.07.22"]
[EventType "team-swiss"]
[EventRounds "7"]
[EventCountry "GER"]
[SourceTitle "CBM 209 Extra"]
[Source "ChessBase"]
[SourceDate "2022.09.30"]
[SourceVersion "1"]
[SourceVersionDate "2022.09.30"]
[SourceQuality "1"]
[WhiteTeam "Kiel Doppelbauer"]
[BlackTeam "Kelheim"]
[WhiteTeamCountry "GER"]
[BlackTeamCountry "GER"]

1. d4 d5 2. Nf3 Nf6 3. Bf4 g6 4. e3 Bg7 5. c3 0-0 6. Nbd2 Bg4 7. h3 Bd7 8. Be2 Na6 9. g4 c5 10. Ne5 Qe8 11. h4 Ba4 12. b3 Bd7 13. h5 g5 14. Bxg5 h6 15. Bf4 Bc6 16. g5 hxg5 17. Bxg5 Nd7 18. Nxc6 bxc6 19. Bxa6 f6 20. h6 fxg5 21. hxg7 Kxg7 22. Qg4 Rg8 23. Bd3 Rh8 24. Qxg5+ Kf8 25. Rxh8+ Kf7 26. Qg6# 1-0

[Event "GER-chT U20 Girls"]
[Site "Kiel"]
[Date "2022.07.24"]
[Round "3.4"]
[White "Rempe, Janne"]
[Black "Neitzel, Emma"]
[Result "1-0"]
[WhiteElo "1497"]
[BlackElo "1135"]
[PlyCount "75"]
[EventDate "2022.07.22"]
[EventType "team-swiss"]
[EventRounds "7"]
[EventCountry "GER"]
[SourceTitle "CBM 209 Extra"]
[Source "ChessBase"]
[SourceDate "2022.09.30"]
[SourceVersion "1"]
[SourceVersionDate "2022.09.30"]
[SourceQuality "1"]
[WhiteTeam "Kiel Doppelbauer"]
[BlackTeam "Elmshorn"]
[WhiteTeamCountry "GER"]
[BlackTeamCountry "GER"]

1. d4 d5 2. Nf3 Nf6 3. Bf4 g6 4. e3 Bg7 5. c3 0-0 6. Nbd2 c5 7. Be2 Nfd7 8. h4 Nc6 9. h5 e5 10. dxe5 Ncxe5 11. hxg6 Nxf3+ 12. Nxf3 Nf6 13. gxh7+ Nxh7 14. Qc2 Nf6 15. Bg5 Re8 16. 0-0-0 Kf8 17. Bb5 Re6 18. Bh6 Ne4 19. Bxg7+ Kxg7 20. Rh5 Qa5 21. Qb3 c4 22. Qa4 Qxa4 23. Bxa4 Ra6 24. Bc2 Be6 25. Bxe4 dxe4 26. Nd2 Rd8 27. a3 f6 28. Rdh1 Bf7 29. Rh7+ Kf8 30. Nxe4 Bg6 31. Rh8+ Ke7 32. Rxd8 Kxd8 33. Nc5 Rb6 34. Rh4 Bf7 35. Rd4+ Kc8 36. f4 Rc6 37. Ne4 b5 38. Nd6+ 1-0

[Event "GER-ch U18 Girls"]
[Site "Willingen"]
[Date "2020.10.24"]
[Round "7"]
[White "Rempe, Janne"]
[Black "Mundt, Alexandra"]
[Result "0-1"]
[WhiteElo "1517"]
[BlackElo "1786"]
[PlyCount "80"]
[EventDate "2020.10.19"]
[EventType "swiss"]
[EventRounds "7"]
[EventCountry "GER"]
[SourceTitle "EXT 2022"]
[Source "ChessBase"]
[SourceDate "2021.10.06"]
[SourceVersion "1"]
[SourceVersionDate "2021.10.06"]
[SourceQuality "1"]

1. d4 d5 2. Nf3 Nf6 3. Bf4 g6 4. e3 Bg7 5. c3 0-0 6. Nbd2 Nbd7 7. Bd3 Nh5 8. Bg5 Nhf6 9. h4 c5 10. Bxf6 Bxf6 11. g4 e5 12. dxe5 Nxe5 13. Nxe5 Bxe5 14. h5 d4 15. hxg6 fxg6 16. Bc4+ Kg7 17. Qe2 dxe3 18. fxe3 Bg3+ 19. Kd1 Rf2 20. Qd3 Bxg4+ 21. Kc2 Qxd3+ 22. Bxd3 Bf5 23. Bxf5 Rxf5 24. Ne4 Bc7 25. Rad1 Rd8 26. Rdg1 Re8 27. Rh4 b6 28. Ng5 h6 29. Ne4 Rf3 30. Rhg4 Re6 31. Kd3 Rf7 32. Kc2 Rfe7 33. Kd3 Rd7+ 34. Ke2 Rde7 35. Kd3 c4+ 36. Kd4 b5 37. Ng3 Rd6+ 38. Kc5 Re5+ 39. Kb4 Ra6 40. b3 Bd6# 0-1

[Event "GER-ch U18 Girls"]
[Site "Willingen"]
[Date "2020.10.23"]
[Round "6"]
[White "Kuehne, Maria"]
[Black "Rempe, Janne"]
[Result "0-1"]
[WhiteElo "1590"]
[BlackElo "1517"]
[PlyCount "76"]
[EventDate "2020.10.19"]
[EventType "swiss"]
[EventRounds "7"]
[EventCountry "GER"]
[SourceTitle "EXT 2022"]
[Source "ChessBase"]
[SourceDate "2021.10.06"]
[SourceVersion "1"]
[SourceVersionDate "2021.10.06"]
[SourceQuality "1"]

1. e4 d6 2. d4 Nf6 3. Nc3 Nbd7 4. Nf3 e5 5. Bc4 Be7 6. Bg5 c6 7. Bb3 Qc7 8. 0-0 Nf8 9. h3 Ng6 10. Be3 0-0 11. a4 Bd7 12. Qe2 Qc8 13. Nh2 Nh4 14. f4 exd4 15. Bxd4 c5 16. Bxf6 Bxf6 17. e5 Be7 18. Nd5 Qd8 19. Nxe7+ Qxe7 20. Qf2 dxe5 21. fxe5 Bc6 22. Ng4 Bxg2 23. Qf4 Bxf1 24. Rxf1 Ng6 25. Qg3 c4 26. Ba2 Qc5+ 27. Kh2 Rad8 28. Rf2 h5 29. Ne3 h4 30. Qg5 Nxe5 31. Qf4 Ng6 32. Qf3 Rd6 33. Rg2 Qe5+ 34. Kh1 Rf6 35. Qxb7 Qxe3 36. Bxc4 Rd8 37. Bd3 Qxh3+ 38. Kg1 Nf4 0-1

[Event "Davos Summer op"]
[Site "Davos"]
[Date "2020.07.12"]
[Round "5"]
[White "Cauderay, Philippe"]
[Black "Rempe, Janne"]
[Result "0-1"]
[WhiteElo "1453"]
[BlackElo "1539"]
[PlyCount "62"]
[EventDate "2020.07.09"]
[EventType "swiss"]
[EventRounds "5"]
[EventCountry "SUI"]
[SourceTitle "CBM 197 Extra"]
[Source "ChessBase"]
[SourceDate "2020.09.30"]
[SourceVersion "1"]
[SourceVersionDate "2020.09.30"]
[SourceQuality "1"]

1. e4 d6 2. Nc3 Nf6 3. Nf3 Nbd7 4. Bc4 h6 5. 0-0 e5 6. d3 Be7 7. Ne2 Nf8 8. c3 Bg4 9. Ng3 Qc8 10. Re1 N8h7 11. Qe2 Ng5 12. Qe3 Bxf3 13. gxf3 Qh3 14. f4 Ng4 15. Qe2 Qxh2+ 16. Kf1 Nh3 17. Qf3 h5 18. Nh1 Nxf4 19. Bxf4 exf4 20. Qg2 Qh4 21. Ke2 Qg5 22. Rg1 Qc5 23. Qf3 g5 24. Rae1 Ne5 25. Qh3 g4 26. Qf1 Nf3 27. Kd1 b5 28. d4 Qxc4 29. Qxc4 bxc4 30. d5 Nxe1 31. Rxe1 h4 0-1

[Event "Davos Summer op"]
[Site "Davos"]
[Date "2020.07.10"]
[Round "2"]
[White "Rempe, Janne"]
[Black "Brandis, Benjamin"]
[Result "0-1"]
[WhiteElo "1539"]
[BlackElo "2017"]
[PlyCount "60"]
[EventDate "2020.07.09"]
[EventType "swiss"]
[EventRounds "5"]
[EventCountry "SUI"]
[SourceTitle "CBM 197 Extra"]
[Source "ChessBase"]
[SourceDate "2020.09.30"]
[SourceVersion "1"]
[SourceVersionDate "2020.09.30"]
[SourceQuality "1"]

1. d4 d5 2. Nf3 Nf6 3. Bf4 e6 4. e3 Bd6 5. Bg3 0-0 6. c3 c5 7. Nbd2 b6 8. Bd3 Ba6 9. Bc2 Nc6 10. Qb1 Rc8 11. Bh4 h6 12. g4 g5 13. Nxg5 hxg5 14. Bxg5 cxd4 15. Bh6 dxe3 16. Bxe3 Nxg4 17. Rg1 f5 18. h3 Kf7 19. hxg4 f4 20. Bd4 e5 21. Bg6+ Ke7 22. Rh1 Rh8 23. Rg1 Qg8 24. Kd1 Kd8 25. Nf3 exd4 26. Ng5 Ne5 27. Bf5 Qxg5 28. Bxc8 Kxc8 29. cxd4 Nf3 30. Qc2+ Kb8 0-1

[Event "DSOL 04 Liga Gr-D 1st"]
[Site "Playchess.com INT"]
[Date "2020.06.26"]
[Round "1.3"]
[White "Heinz, Manfred"]
[Black "Rempe, Janne"]
[Result "1/2-1/2"]
[WhiteElo "1787"]
[BlackElo "1695"]
[PlyCount "118"]
[EventDate "2020.06.22"]
[EventType "team-tourn (rapid)"]
[EventCountry "GER"]
[SourceTitle "EXT 2021"]
[Source "ChessBase"]
[SourceDate "2020.10.23"]
[SourceVersion "1"]
[SourceVersionDate "2020.10.23"]
[SourceQuality "1"]
[WhiteTeam "Heilsbronn"]
[BlackTeam "Kiel Doppelbauer"]
[WhiteTeamCountry "GER"]
[BlackTeamCountry "GER"]

1. Nf3 d6 2. d4 Nf6 3. c4 Nbd7 4. Nc3 e5 5. dxe5 dxe5 6. Qc2 Bb4 7. Bd2 0-0 8. Rd1 c6 9. g3 Bc5 10. Bg2 b5 11. cxb5 cxb5 12. 0-0 b4 13. Ne4 Nxe4 14. Qxe4 Ba6 15. Nxe5 Re8 16. Qxa8 Qxa8 17. Bxa8 Nxe5 18. Bf3 Nxf3+ 19. exf3 Bxf1 20. Kxf1 Re6 21. Be3 Be7 22. Rd7 a6 23. Rc7 h5 24. Bc5 Bf6 25. b3 Bc3 26. Rb7 Re1+ 27. Kg2 Re2 28. Bxb4 Bd4 29. Rd7 Rxf2+ 30. Kg1 Be3 31. Rd3 Rxf3+ 32. Kg2 Rf2+ 33. Kg1 Ba7 34. Rd7 Be3 35. Rd3 Ba7 36. Rd8+ Kh7 37. Rd7 Bb6 38. Kh1 g5 39. Rd6 Be3 40. Rxa6 g4 41. h3 gxh3 42. Bf8 f6 43. Ra5 Kg6 44. a4 f5 45. Bc5 Rf1+ 46. Kh2 Bd2 47. Ra8 f4 48. gxf4 Bxf4+ 49. Kxh3 Rf3+ 50. Kg2 Rxb3 51. a5 h4 52. Rg8+ Kf5 53. a6 h3+ 54. Kh1 h2 55. a7 Rb1+ 56. Bg1 Rxg1+ 57. Rxg1 hxg1Q+ 58. Kxg1 Be3+ 59. Kg2 Bxa7 1/2-1/2

[Event "GER-chT U20 Girls"]
[Site "Braunschweig"]
[Date "2019.12.29"]
[Round "6.8"]
[White "Rempe, Janne"]
[Black "Adelhardt, Lisa"]
[Result "0-1"]
[WhiteElo "1559"]
[BlackElo "1418"]
[PlyCount "84"]
[EventDate "2019.12.27"]
[EventType "team-swiss"]
[EventRounds "7"]
[EventCountry "GER"]
[SourceTitle "CBM 194 Extra"]
[Source "ChessBase"]
[SourceDate "2020.03.31"]
[SourceVersion "1"]
[SourceVersionDate "2020.03.31"]
[SourceQuality "1"]
[WhiteTeam "Kiel Doppelbauer"]
[BlackTeam "Erlangen 48/88"]
[WhiteTeamCountry "GER"]
[BlackTeamCountry "GER"]

1. d4 Nf6 2. Nf3 e6 3. Bf4 c5 4. c3 d5 5. e3 Bd6 6. Bg3 0-0 7. Nbd2 Qc7 8. Bd3 Nbd7 9. e4 e5 10. dxe5 Nxe5 11. Nxe5 Bxe5 12. exd5 Bg4 13. Qc2 Rfe8 14. Kf1 Nxd5 15. Nc4 Bxg3 16. Bxh7+ Kf8 17. hxg3 Be2+ 18. Qxe2 Rxe2 19. Kxe2 Nf6 20. Bd3 Re8+ 21. Kf1 g6 22. Rh8+ Ng8 23. Ne3 Kg7 24. Rh1 Qd6 25. Rd1 Qf6 26. Nd5 Qc6 27. Nf4 Nf6 28. Nh3 Rd8 29. Nf4 c4 30. Bc2 Rxd1+ 31. Bxd1 Qa6 32. Rh4 Qxa2 33. Ne2 b5 34. Rd4 Qxb2 35. Ke1 a5 36. Rd2 Qb1 37. Nd4 a4 38. Nc2 Qb3 39. Nd4 Qxc3 40. f3 a3 41. Be2 a2 42. Nc2 b4 0-1

[Event "BL2 West 1920 (Women)"]
[Site "Germany"]
[Date "2019.09.14"]
[Round "1.3"]
[White "Bildat, Emilia"]
[Black "Rempe, Janne"]
[Result "1-0"]
[WhiteElo "1736"]
[BlackElo "1677"]
[PlyCount "79"]
[EventDate "2019.09.14"]
[EventType "team-tourn"]
[EventRounds "7"]
[EventCountry "GER"]
[SourceTitle "EXT 2021"]
[Source "ChessBase"]
[SourceDate "2020.10.23"]
[SourceVersion "1"]
[SourceVersionDate "2020.10.23"]
[SourceQuality "1"]
[WhiteTeam "Hamburger SK (W) II"]
[BlackTeam "Kiel Doppelbauer (W)"]
[WhiteTeamCountry "GER"]
[BlackTeamCountry "GER"]

1. c4 d6 2. g3 Nf6 3. Bg2 Nbd7 4. Nc3 e5 5. e4 Be7 6. Nge2 c6 7. 0-0 0-0 8. d3 Re8 9. f4 exf4 10. gxf4 Nf8 11. f5 N8d7 12. d4 c5 13. Kh1 cxd4 14. Qxd4 Ne5 15. Bf4 Nc6 16. Qd2 Nh5 17. Nd5 Bh4 18. Be3 Ne5 19. Bd4 Ng4 20. Bf3 Bg5 21. Qd3 Nhf6 22. Bxg4 Nxg4 23. Rg1 Ne5 24. Qg3 Bf6 25. Nef4 Kh8 26. Nxf6 Qxf6 27. Nd5 Qh6 28. Nc7 Bd7 29. Nxa8 Rxa8 30. Bxe5 dxe5 31. Qxe5 Re8 32. Qd4 Bc6 33. Rae1 f6 34. Rg3 Qh5 35. Kg1 Qh4 36. Qxa7 Qf4 37. Qd4 Bxe4 38. Qf2 Qc7 39. Rge3 Qxc4 40. Qe2 1-0

[Event "Helsingor Xtracon op"]
[Site "Helsingor"]
[Date "2019.07.25"]
[Round "7"]
[White "Rempe, Janne"]
[Black "Bredeli, Havard Iversen"]
[Result "0-1"]
[WhiteElo "1594"]
[BlackElo "1397"]
[PlyCount "60"]
[EventDate "2019.07.20"]
[EventType "swiss"]
[EventRounds "10"]
[EventCountry "DEN"]
[SourceTitle "CBM 191 Extra"]
[Source "ChessBase"]
[SourceDate "2019.09.30"]
[SourceVersion "1"]
[SourceVersionDate "2019.09.30"]
[SourceQuality "1"]

1. d4 Nf6 2. Nf3 d5 3. Bf4 e6 4. e3 Nbd7 5. c3 Be7 6. h3 0-0 7. Nbd2 c5 8. b3 Nb6 9. Bd3 Bd7 10. a3 Rc8 11. Qc2 c4 12. bxc4 dxc4 13. Be2 Ba4 14. Qa2 Nfd5 15. Rc1 Bb5 16. Ne5 Na4 17. Nb1 Qa5 18. 0-0 Naxc3 19. Nxc3 Nxc3 20. Qd2 Nxe2+ 21. Qxe2 c3 22. Nd3 Qa6 23. Rfd1 Ba4 24. Re1 Bb5 25. Red1 Bxa3 26. Ra1 c2 27. Rdc1 Bxd3 28. Qe1 b5 29. g3 b4 30. Qd2 b3 0-1

[Event "Helsingor Xtracon op"]
[Site "Helsingor"]
[Date "2019.07.22"]
[Round "4"]
[White "Nielsen, Pia"]
[Black "Rempe, Janne"]
[Result "1/2-1/2"]
[WhiteElo "1365"]
[BlackElo "1594"]
[PlyCount "33"]
[EventDate "2019.07.20"]
[EventType "swiss"]
[EventRounds "10"]
[EventCountry "DEN"]
[SourceTitle "CBM 191 Extra"]
[Source "ChessBase"]
[SourceDate "2019.09.30"]
[SourceVersion "1"]
[SourceVersionDate "2019.09.30"]
[SourceQuality "1"]

1. Nf3 d6 2. c4 Nf6 3. d4 Nbd7 4. Nc3 e5 5. Bg5 Be7 6. Bxf6 Bxf6 7. e4 c6 8. Be2 a5 9. 0-0 exd4 10. Nxd4 Qb6 11. Nf5 Be5 12. Nxd6+ Bxd6 13. Qxd6 Qxb2 14. Qg3 0-0 15. Rad1 Re8 16. Rd6 Nc5 17. Rfd1 1/2-1/2

[Event "Rhein Main op-B 22nd"]
[Site "Bad Homburg"]
[Date "2019.06.19"]
[Round "1"]
[White "Rempe, Janne"]
[Black "Barth, Horst"]
[Result "1-0"]
[WhiteElo "1720"]
[BlackElo "1193"]
[PlyCount "63"]
[EventDate "2019.06.19"]
[EventType "swiss"]
[EventRounds "7"]
[EventCountry "GER"]
[SourceTitle "EXT 2020"]
[Source "ChessBase"]
[SourceDate "2019.10.17"]
[SourceVersion "1"]
[SourceVersionDate "2019.10.17"]
[SourceQuality "1"]

1. d4 Nf6 2. Nf3 e6 3. Bf4 Be7 4. h3 b6 5. e3 Bb7 6. c3 d6 7. Nbd2 0-0 8. Qc2 Nh5 9. Bh2 f5 10. g4 Bxf3 11. Nxf3 Nf6 12. gxf5 exf5 13. Qxf5 Qd7 14. Bc4+ d5 15. Qxd7 Nbxd7 16. Bd3 c6 17. Rg1 h6 18. Rg2 Ne4 19. Ke2 Rf7 20. Rag1 Raf8 21. Bxe4 dxe4 22. Ne5 Nxe5 23. Bxe5 Bf6 24. Bxf6 Rxf6 25. Rxg7+ Kh8 26. R1g2 R6f7 27. R7g4 Re8 28. Rg6 Kh7 29. Rxc6 Rg7 30. Rxg7+ Kxg7 31. Rc7+ Kg6 32. Rxa7 1-0

[Event "GER-ch U25-B"]
[Site "Willingen"]
[Date "2019.06.13"]
[Round "7"]
[White "Gloeckl, Simon"]
[Black "Rempe, Janne"]
[Result "1/2-1/2"]
[WhiteElo "1586"]
[BlackElo "1720"]
[PlyCount "47"]
[EventDate "2019.06.08"]
[EventType "swiss"]
[EventRounds "9"]
[EventCountry "GER"]
[SourceTitle "CBM 191 Extra"]
[Source "ChessBase"]
[SourceDate "2019.09.30"]
[SourceVersion "1"]
[SourceVersionDate "2019.09.30"]
[SourceQuality "1"]

1. e4 d6 2. d4 Nf6 3. Nc3 Nbd7 4. Nf3 e5 5. Bc4 Be7 6. 0-0 0-0 7. Re1 c6 8. a4 a5 9. Ba2 Qc7 10. h3 exd4 11. Nxd4 Ne5 12. Nf5 Be6 13. Qe2 Qd7 14. Bxe6 fxe6 15. Nxe7+ Qxe7 16. Bf4 Ng6 17. Bxd6 Qxd6 18. e5 Qe7 19. exf6 Rxf6 20. Ne4 Rf5 21. Rad1 Raf8 22. Qd2 Qh4 23. Re3 Nf4 24. Rde1 1/2-1/2

[Event "GER-ch international (Women)"]
[Site "Bodenmais"]
[Date "2018.07.30"]
[Round "3"]
[White "Wolff, Beate"]
[Black "Rempe, Janne"]
[Result "0-1"]
[WhiteElo "1266"]
[BlackElo "1315"]
[PlyCount "58"]
[EventDate "2018.07.28"]
[EventType "swiss"]
[EventRounds "9"]
[EventCountry "GER"]
[SourceTitle "EXT 2019"]
[Source "ChessBase"]
[SourceDate "2018.10.10"]
[SourceVersion "1"]
[SourceVersionDate "2018.10.10"]
[SourceQuality "1"]

1. c4 d6 2. g3 Nf6 3. Bg2 Nbd7 4. Nf3 e5 5. d3 c6 6. 0-0 Be7 7. Nc3 0-0 8. b3 Nc5 9. Bb2 Bd7 10. h3 Qc8 11. Kh2 Nh5 12. Qd2 f5 13. Ng1 f4 14. g4 Nf6 15. f3 h5 16. d4 Ne6 17. dxe5 dxe5 18. Nd1 hxg4 19. Bxe5 gxh3 20. Nxh3 Nh5 21. Ndf2 Rf5 22. Bb2 Ng3 23. Rfd1 Nf8 24. Nxf4 Qc7 25. Kxg3 Rxf4 26. Qxf4 Bh4+ 27. Kxh4 Qxf4+ 28. Ng4 Bxg4 29. Rd4 Ng6# 0-1

[Event "GER-ch U25-B"]
[Site "Willingen"]
[Date "2016.05.15"]
[Round "2"]
[White "Kobald, Pierre"]
[Black "Rempe, Janne"]
[Result "1-0"]
[WhiteElo "1241"]
[BlackElo "948"]
[PlyCount "77"]
[EventDate "2016.05.15"]
[EventType "swiss"]
[EventRounds "9"]
[EventCountry "GER"]
[SourceTitle "CBM 172 Extra"]
[Source "ChessBase"]
[SourceDate "2016.06.21"]
[SourceVersion "1"]
[SourceVersionDate "2016.06.21"]
[SourceQuality "1"]

1. e4 e5 2. Nf3 Nc6 3. Bc4 Nf6 4. d4 exd4 5. e5 Ng4 6. Bxf7+ Kxf7 7. Ng5+ Kg8 8. Qxg4 Qe8 9. 0-0 Qxe5 10. Qf3 Nd8 11. c3 dxc3 12. Nxc3 d6 13. Be3 h6 14. Nge4 d5 15. Ng3 d4 16. Bf4 Qf6 17. Nce4 Qg6 18. Qd3 Ne6 19. Be5 Be7 20. Bxd4 Nxd4 21. Qxd4 Bf6 22. Nxf6+ Qxf6 23. Rfd1 Bf5 24. Qxf6 gxf6 25. Nxf5 Rh7 26. g3 Re8 27. Rd2 Re5 28. Ne3 Rhe7 29. Rd8+ Kf7 30. Nd5 Re1+ 31. Rxe1 Rxe1+ 32. Kg2 c6 33. Nc3 Ke7 34. Rb8 b5 35. Rb7+ Kd6 36. Rxa7 b4 37. Na4 Ra1 38. Nb6 b3 39. axb3 1-0